000 01293cab a2200433 4500
001 ABS50203
008 090401t1994 xxu||||| |||| 00| 0 eng d
035 _a(Sirsi) u74593
041 _aeng
245 _aProperty focus
260 _c1994
350 _a0
490 _aSolicitors` Journal
_v138(6) 18 February 1994, 140-143(4)
520 _aThree article form this feature: the cost of conveyancing and guidance from the Law Society, the revision of the Law Society`s National Conveyancing Protocol and trust deeds for tenants in common.
650 _aCOMPLETION
650 _aCONDITIONS OF SALE
650 _aCONVEYANCING
650 _aFEES
650 _aFORMS
650 _aGOODMAN V GALLANT
650 _aGUIDANCE
650 _aHARWOOD V HARWOOD
650 _aINHERITANCE
650 _aJOINT TENANTS
650 _aLAW SOCIETY
650 _aMARTIN V MARTIN
650 _aNATIONAL CONVEYANCING PROTOCOL
650 _aNEGLIGENCE
650 _aPROPERTY INFORMATION QUESTIONNAIRE
650 _aSEARCHES
650 _aSELLERS PROPERTY INFORMATION FORM
650 _aSOLICITORS
650 _aSPRINGETTE V DEFORE
650 _aTENANTS IN COMMON
650 _aTRUST DEEDS
690 _aPROPERTY LAW AND PRACTICE
942 _n0
948 _c04/03/1997
999 _c47012
_d47012